Continuing Professional Development : A Guide for Information Professionals /

Guardat en:
Dades bibliogràfiques
Autor principal: Brine, Alan (autor)
Format: Llibre
Idioma:anglès
Publicat: Oxford, Inglaterra : Chandos, 2005, c2005
Col·lecció:(Information Professional Series)
Matèries:
Etiquetes: Afegir etiqueta
Sense etiquetes, Sigues el primer a etiquetar aquest registre!

MARC

LEADER 00000nam^a2200000^a^4500
001 000186151
005 20250521000000.0
009 20260310102216
020 |a 1-84334-081-X 
037 |a Acervo ITESO - Biblioteca 
041 |a ING 
082 |a 023. 2  |b BRI 
100 |a Brine, Alan  |e (autor) 
245 1 0 |a Continuing Professional Development :  |b A Guide for Information Professionals /  |c A. Brine. 
264 4 |a Oxford, Inglaterra :  |b Chandos,  |c 2005, c2005 
300 |a XI, 179 p. 
336 |a texto  |b txt  |2 rdacontenido 
337 |a sin mediación  |b n  |2 rdamedio 
338 |a volumen  |b nc  |2 rdasoporte 
440 1 |a (Information Professional Series) 
649 |a XX 
650 |a Bibliotecarios 
650 |a Competencias de Información 
650 |a Competencia Comunicativa 
650 |a Competencias (Educación) 
650 |a Formación y Capacitación de Profesores 
650 |a Desarrollo Profesional 
650 |a Formación y Capacitación Laboral 
650 |a Recursos Humanos 
650 |a Bibliotecas -  |x Administración 
650 |a Biblioteconomía -  |x Estudio y Enseñanza 
910 |a Fondo General 
920 |a Impresos - Libros 
930 |a Obras de Referencia 
940 |a Biblioteconomía 
905 |a 102 
901 |a 0500127330  |b IT2  |c REF  |u 20250521 
902 |a https://opac.biblio.iteso.mx/vufind/Record/000186151